Представление документа в формате MARC21

Поле Инд. ПП Название Значение
Тип записи a
Библиографический уровень m
001 Контрольный номер 7915ec02-eca5-46d5-8fb0-94250070d36c
005 Дата корректировки 20241223094750.7
008 Кодируемые данные 040608
020 a ISBN 5-85050-449-4
020 a ISBN 5-85050-379-X
040 a Служба первич. каталог. НБ ТвГУ
041 0_ a Код языка текста rus
080 a Индекс УДК 882-2
084 a Индекс другой классификации/Индекс ББК Ш6(2=411.2)6-6
090 a Полочн. индекс Р2
x Авторский знак Д72
245 10 a Заглавие Драма первой половины XX века
b Продолж. заглавия [Сборник]
c Ответственность Ин-т "Открытое о-во"; [Гл. ред. Д. В. Тевекелян; Сост., предисл., коммент. О. Б. Кушлиной]
260 0_ a Место издания Москва
b Издательство Слово/Slovo
c Дата издания 2000
300 a Объем 821,[1] с.
440 _0 a Серия Пушкинская библиотека
500 a Примечание Содерж.: Дети Ванюшина / Сергей Найденов. Дачники / Максим Горький. Жизнь человека / Леонид Андреев. Царь Иудейский / К. Р. Победа над солнцем / Алексей Крученых. Самое главное / Николай Евреинов. Город Правды / Лев Лунц. Дни Турбиных / Михаил Булгаков и др.
500 a Примечание НАСТОЯЩИЙ МАТЕРИАЛ (ИНФОРМАЦИЯ) ПРОИЗВЕДЕН, РАСПРОСТРАНЕН И (ИЛИ) НАПРАВЛЕН ИНОСТРАННЫМ АГЕНТОМ ДЖ. СОРОСОМ, ЯВЛЯЮЩИМСЯ УЧРЕДИТЕЛЕМ (ЧЛЕНОМ, УЧАСТНИКОМ, РУКОВОДИТЕЛЕМ ИЛИ ЛИЦОМ, ВХОДЯЩИМ В СОСТАВ ОРГАНА ЛИЦ УКАЗАНЫХ В ЧАСТИ 4 СТАТЬИ 9 ФЕДЕРАЛЬНОГО ЗАКОНА «О КОНТРОЛЕ ЗА ДЕЯТЕЛЬНОСТЬЮ ЛИЦ, НАХОДЯЩИХСЯ ПОД ИНОСТРАННЫМ ВЛИЯНИЕМ») ФОНДА «ОТКРЫТОЕ ОБЩЕСТВО», ВКЛЮЧЕННОГО В РЕЕСТР ИНОСТРАННЫХ АГЕНТОВ
504 a Библиография Библиогр. в коммент.: с.805-820.
583 a Действие Получение впервые 256 03.06.2004
653 0_ a Ключевые слова Художественная
700 1_ a Другие авторы Тевекелян Диана Варткесовна
e Роль лиц гл. ред.
700 1_ a Другие авторы Кушлина Ольга Борисовна
e Роль лиц сост.
700 1_ a Другие авторы Гаспаров Михаил Леонович
e Роль лиц ред. сер.
700 1_ a Другие авторы Найденов Сергей
e Роль лиц авт.
700 1_ a Другие авторы Андреев Леонид
e Роль лиц авт.
700 0_ a Другие авторы К. Р.
e Роль лиц авт.
700 1_ a Другие авторы Эрдман Николай
e Роль лиц авт.
852 41 t Порядковый номер экземпляра 1
p Инвентарный номер 785967
852 41 t Порядковый номер экземпляра 1
p Инвентарный номер 785968
920 a Оператор Алекс
930 a Новая/Ретро художественная
952 c Вид литературы К рх
954 a Дата поступления на обработку 20040609